Ultimate Encyclopaedia of Indian Knowledge Systems : Vol-2 :Chemistry, Metellurgy, Architecture, Health Science and Arts (Record no. 3889)

MARC details
000 -LEADER
fixed length control field 00522nam a22001817a 4500
003 - CONTROL NUMBER IDENTIFIER
control field OSt
005 - DATE AND TIME OF LATEST TRANSACTION
control field 20260105111202.0
008 - FIXED-LENGTH DATA ELEMENTS--GENERAL INFORMATION
fixed length control field 251113b |||||||| |||| 00| 0 eng d
020 ## - INTERNATIONAL STANDARD BOOK NUMBER
International Standard Book Number 9788119482498
082 ## - DEWEY DECIMAL CLASSIFICATION NUMBER
Classification number 030
Item number ASTU
100 ## - MAIN ENTRY--PERSONAL NAME
Personal name Asthana, N.C.
245 ## - TITLE STATEMENT
Title Ultimate Encyclopaedia of Indian Knowledge Systems : Vol-2 :Chemistry, Metellurgy, Architecture, Health Science and Arts
260 ## - PUBLICATION, DISTRIBUTION, ETC.
Place of publication, distribution, etc. Jaipur
Name of publisher, distributor, etc. Aavishkar Publishers
300 ## - PHYSICAL DESCRIPTION
Extent 206p.
546 ## - LANGUAGE NOTE
Language note English
651 ## - SUBJECT ADDED ENTRY--GEOGRAPHIC NAME
Geographic name Encyclopedia
942 ## - ADDED ENTRY ELEMENTS (KOHA)
Source of classification or shelving scheme Dewey Decimal Classification
Koha item type Book
Holdings
Withdrawn status Lost status Source of classification or shelving scheme Damaged status Not for loan Collection code Home library Current library Shelving location Date acquired Cost, normal purchase price Inventory number Total Checkouts Full call number Barcode Date last seen Price effective from Koha item type
    Dewey Decimal Classification     Non-fiction RIC Library RIC Library General Stacks 11/13/2025 2000.00 329/05.11.25   030 ASTU 003169 11/13/2025 11/13/2025 Book

Venue

Rajasthan International Centre
Sansthan Path,JLN Marg, Jaipur- 302017
Phone: +91-7230904025